La Oruga muy Hambrienta (Registro nro. 16184)

000 -CABECERA
campo de control de longitud fija 00867nam a22002297a 4500
003 - IDENTIFICADOR DEL NÚMERO DE CONTROL
campo de control OSt
005 - FECHA Y HORA DE LA ÚLTIMA TRANSACCIÓN
campo de control 20260317152626.0
008 - DATOS DE LONGITUD FIJA--INFORMACIÓN GENERAL
campo de control de longitud fija 260317b ||||| |||| 00| 0 spa d
020 ## - NÚMERO INTERNACIONAL ESTÁNDAR DEL LIBRO
Número Internacional Estándar del Libro 9780399256059
040 ## - FUENTE DE LA CATALOGACIÓN
Centro/agencia transcriptor CO-Mq BPB
041 ## - CÓDIGO DE LENGUA
Código de lengua del texto/banda sonora o título independiente Spa / Eng
082 ## - NÚMERO DE LA CLASIFICACIÓN DECIMAL DEWEY
Número de clasificación B
Número de documento/Ítem A CARo
100 ## - ENTRADA PRINCIPAL--NOMBRE DE PERSONA
Nombre de persona Carle, Eric
Término indicativo de función/relación autor
245 ## - MENCIÓN DE TÍTULO
Título La Oruga muy Hambrienta
264 ## - PRODUCCIÓN, PUBLICACIÓN, DISTRIBUCIÓN, FABRICACIÓN Y COPYRIGHT
Producción, publicación, distribución, fabricación y copyright New York;
Nombre del de productor, editor, distribuidor, fabricante Penguin Random House,
Fecha de producción, publicación, distribución, fabricación o copyright 2011
300 ## - DESCRIPCIÓN FÍSICA
Extensión 24 páginas
Otras características físicas Tapa dura, ilustraciones a color
Dimensiones 13 x 18 cm
521 ## - NOTA DE PÚBLICO DESTINATARIO
Nota de público destinatario Este clásico infantil cuenta la historia de una pequeña oruga que come diferentes alimentos cada día mientras crece. A medida que avanza la semana, la oruga come cada vez más hasta que finalmente se transforma en una hermosa mariposa.
650 ## - PUNTO DE ACCESO ADICIONAL DE MATERIA--TÉRMINO DE MATERIA
Término de materia o nombre geográfico como elemento de entrada El ciclo de vida de una mariposa
650 ## - PUNTO DE ACCESO ADICIONAL DE MATERIA--TÉRMINO DE MATERIA
Término de materia o nombre geográfico como elemento de entrada Los números
650 ## - PUNTO DE ACCESO ADICIONAL DE MATERIA--TÉRMINO DE MATERIA
Término de materia o nombre geográfico como elemento de entrada Los días de la semana
942 ## - ELEMENTOS DE PUNTO DE ACCESO ADICIONAL (KOHA)
Fuente del sistema de clasificación o colocación
Tipo de ítem Koha Libro Literatura
Existencias
Estado de retiro Estado de pérdida Fuente del sistema de clasificación o colocación Estado dañado No para préstamo Código de colección Localización permanente Ubicación/localización actual Ubicación en estantería Fecha de adquisición Fuente de adquisición Número de inventario Total de préstamos Signatura topográfica completa Código de barras Fecha visto por última vez Número de copia Precio válido a partir de Tipo de ítem Koha Nota pública
          Literatura Infantil Biblioteca Pública San Juan Bosco Biblioteca Pública San Juan Bosco Literatura 17/03/2026 Compra 2025 NT   B A CARo MOS504748 17/03/2026 Ej.1 17/03/2026 Libro Literatura Quince dias
          Literatura Infantil Biblioteca Pública San Juan Bosco Biblioteca Pública San Juan Bosco Literatura 17/03/2026 Compra 2025 NT   B A CARo MOS504749 17/03/2026 Ej.2 17/03/2026 Libro Literatura Quince dias

© Todos los derechos reservados para la Biblioteca Pública Municipal San Juan Bosco, 2020
Secretaria de Cultura de Mosquera
Carrera 3 N° 10 Esquina Centro Cultural Barrio El Carmén Teléfono: 8270830 Ext: 34
Funcionando con KOHA
Contacto: Biblioteca Pública Municipal San Juan Bosco/ bibliotecasanjuanbosco@mosquera-cundinamarca.gov.co
Mosquera, Cundinamarca